| 000 | 00829 a2200169 4500 | ||
|---|---|---|---|
| 003 | Nust | ||
| 005 | 20170207154430.0 | ||
| 040 | _cNust | ||
| 082 | _a050 | ||
| 100 | _aMaj Gen Athar Abbas,HI(M) | ||
| 245 |
_aHilal July-2010 _cMaj Gen Athar Abbas,HI(M) |
||
| 260 |
_aRawalpindi,Pakistan _bISPR Dte _cHilal July-2010 |
||
| 300 | _aEnglish-44 & Urdu-51p; | ||
| 505 | _aFrom the Editor’s desk (Page-3) Calendar September 2010 (page-4) Food for Though (Page-5) Scourge of Terrorism (Page-9) Future Maps (Page-17) Serious Notes (Page-19) Current Issues (Page-21) Why Don’t We Learn from History? (Page-24) Book Corner (Page-27) Valiant Heroes (Page-29) Health Watch (Page-30) Miscellanea (Page-31) News and Updates (Page-37) picture Gallery (Page-40) | ||
| 538 | _aAlmirah No.137 Shelf No.5 | ||
| 651 | _aPakistan Armed Forces Magazine | ||
| 942 | _cMAGS | ||
| 999 |
_c197604 _d197604 |
||